RICS building survey (Record no. 115265)

MARC details
000 -LEADER
fixed length control field 03142cad a22003375a 4500
001 - CONTROL NUMBER
control field L158325
008 - FIXED-LENGTH DATA ELEMENTS--GENERAL INFORMATION
fixed length control field 101207s2012 xxk 000 0 eng u
020 1# - INTERNATIONAL STANDARD BOOK NUMBER
ISBN 9781842198391
041 0# - LANGUAGE CODE
Language code of text/sound track or separate title eng
050 04 - Library of Congress Classification
Class mark 333.332
110 2# - MAIN ENTRY--CORPORATE NAME
Corporate author Royal Institution of Chartered Surveyors
245 05 - TITLE STATEMENT
Title RICS building survey
Subtitle RICS practice note
Medium [archived item]
260 ## - PUBLICATION INFORMATION
Place of publication Coventry,
Publisher RICS,
Date October 2012
490 #0 - SERIES TITLE
Series statement RICS Practice Notes
505 2# - CONTENTS
Contents Status of this practice note -- Introduction -- Part A, the practice note: professional obligations; requirements and scope of the RICS Building Survey Service; the contract; compiling the report, commentary and guidance -- Part B, the documentation: RICS Home Surveys Information Sheet; commentary on particular elements of the Description of the RICS Building Survey Service; description of the RICS Building Survey Service, with the standard terms of engagement; what to do now; leasehold properties advice; maintenance tips -- Part C, the report form and checklists: introduction to the report; about the inspection; overall opinion and summary of the condition ratings; about the property; outside the property; inside the property; services; grounds (including shared areas for flats); issues for your legal advisers; risks; energy efficiency; surveyor's declaration; what to do now; description of the RICS Building Survey Service; typical house diagram -- Part D: appendices: definitions of the RICS Building Survey Service key terms; the RICS Building Survey Service: checklist of professional obligations; relevant RICS guidance sources; the contract: checklist for each commission; the RICS Building Survey Service Copyright Licence Scheme.
520 ## - ABSTRACT
Abstract Expectations for this survey are higher than that for the RICS HomeBuyer and Condition Reports. To meet this, it is essential that the RICS Building Survey Service is performed by a surveyor who has sufficient knowledge and competence necessary to carry out a detailed condition assessment of the property, describes the identifiable risk of potential or hidden defects, includes an appropriate desk-top study carried out by the surveyor that provides a good working knowledge of the property in its locality and ensures a thorough and detailed property inspection. Those surveyors using the report forms must take out an RICS Building Survey Service copyright licence, which authorises them to use the RICS Building Survey Service material in England, Wales, Northern Ireland, the Channel Islands and the Isle of Man.
520 ## - ABSTRACT
Abstract This item has been archived. See Home survey standard effective from 1 June 2020.
521 ## - TARGET AUDIENCE NOTE
Target audience note Advanced
650 24 - KEYWORDS
Keywords BUILDING SURVEY
650 24 - KEYWORDS
Keywords RICS VALUATION STANDARDS
650 24 - KEYWORDS
Keywords Home survey standard
651 #4 - SUBJECT ADDED ENTRY--GEOGRAPHIC NAME
Geographic name England
651 #4 - SUBJECT ADDED ENTRY--GEOGRAPHIC NAME
Geographic name Wales
651 #4 - SUBJECT ADDED ENTRY--GEOGRAPHIC NAME
Geographic name Northern Ireland
651 #4 - SUBJECT ADDED ENTRY--GEOGRAPHIC NAME
Geographic name Channel Islands
651 #4 - SUBJECT ADDED ENTRY--GEOGRAPHIC NAME
Geographic name Isle of Man
690 ## - BROAD SUBJECT
Broad subject Valuation
9 (RLIN) 6273
690 ## - BROAD SUBJECT
Broad subject Building surveying
9 (RLIN) 6225
856 41 - ONLINE RESOURCE
Uniform Resource Identifier <a href="https://www.isurv.com/downloads/download/1630/rics_building_survey_practice_note_archived">https://www.isurv.com/downloads/download/1630/rics_building_survey_practice_note_archived</a>
Public note Archived on isurv (subscription required)
942 ## - ADDED ENTRY ELEMENTS (KOHA)
Suppress in OPAC Do not suppress in OPAC
Holdings
Lost status Source of classification or shelving scheme Damaged status Not for loan Home library Current library Shelving location Date acquired Total Checkouts Full call number Date last seen Copy number Price effective from Koha item type Barcode
  Dewey Decimal Classification     London London RICS Boxes 17/12/2014   RICS 2012/29 06/08/2019 1 06/08/2019 Book 30078499
  Dewey Decimal Classification     London London RICS Boxes 10/05/2016   RICS 2012/29 06/08/2019 2 06/08/2019 Book 30078500
  Dewey Decimal Classification     London London RICS Boxes 10/05/2016   RICS 2012/29 06/08/2019 3 06/08/2019 Archive 30079044
  Dewey Decimal Classification     Virtual Virtual Online 10/12/2014   isurv 25/05/2023 1 06/08/2019 Online material